Top 250 IMDb - Länder zuordnen - Statistiken

Allgemein
  • Dieses Quiz wurde 128 mal gespielt
  • Das Durchschnittsergebnis liegt bei 9 aus 20
Antwortstatistiken
Hint Antwort % Korrekt
Die sieben Samurai (#22) Japan
90%
Parasite (#34) Südkorea
81%
Léon: Der Profi (#38) Frankreich
80%
Der Herr der Ringe: Die Rückkehr des Königs (#7) Neuseeland
80%
Die Verurteilten (#1) Vereinigte Staaten
80%
Das Leben der Anderen (#60) Deutschland
77%
Mad Max: Fury Road (#199) Australien
58%
Zwei glorreiche Halunken (#10) Italien
56%
City of God (#25) Brasilien
55%
Poor Things (#101) Vereinigtes Königreich
37%
Die Jagd (#95) Dänemark
35%
Pans Labyrinth (#146) Spanien
35%
Nader und Simin – Eine Trennung (#116) Iran
30%
Amores Perros (#242) Mexiko
30%
Wilde Erdbeeren (#203) Schweden
27%
Capernaum: Stadt der Hoffnung (#89) Libanon
26%
Geh und sieh (#91) Sowjetunion
20%
In ihren Augen (#166) Argentinien
18%
Die Frau, die singt (#108) Kanada
15%
12th Fail (#53) Indien
10%
Keine übereinstimmenden Quizze gefunden
Verteilung der Resultate
Anzahl Personen mit jedem Resultat
Perzentil nach korrekt beantworteten Fragen
Ihre Resultats-Entwicklung
Sie haben dieses Quiz noch nicht gespielt